000
00310 a2200145 4500
001
60092
020
_a
040
_c
Anchieta - Pituba
240
1
0
_a
Enem 2009
_l
por
245
1
0
_a
Enem 2009
300
_a
362
0
_a
2009
650
4
_a
. Vestibulares / Exames de admissão em universidades
942
_c
BK
999
_c
60092
_d
60092